000 00416nam a2200169Ia 4500
003 OSt
005 20240315112151.0
008 170619s9999 xx 000 0 und d
020 _a9780070582033
040 _cIIMT ENGINEERING COLLEGE
100 _aDoeblin- Ernest O.
245 0 _aMeasurement systems application & design
260 _bNew Delhi: TMH
260 _c2005
546 _aENGLISH
942 _2ddc
_c02
999 _c18140
_d18140